[Event "Keres Memorial rap 31st"]
[Site "Tallinn"]
[Date "2022.09.10"]
[Round "1"]
[White "Ehlvest, Jaan"]
[Black "Orgse, Karl Kristofer"]
[Result "1-0"]
[WhiteElo "2530"]
[BlackElo "1691"]
[PlyCount "69"]
[EventDate "2022.09.10"]
[EventType "swiss (rapid)"]
[EventRounds "11"]
[EventCountry "EST"]
[SourceTitle "CBM 210 Extra"]
[Source "ChessBase"]
[SourceDate "2022.11.30"]
[SourceVersion "1"]
[SourceVersionDate "2022.11.30"]
[SourceQuality "1"]

1. e4 e5 2. Nf3 Qe7 3. Nc3 c6 4. d4 d6 5. Be2 Qc7 6. a4 a5 7. 0-0 Nf6 8. h3 Be7 9. Re1 0-0 10. Bc4 h6 11. Be3 Nbd7 12. Ba2 Rd8 13. Nh4 Nf8 14. Qf3 g5 15. Nf5 Bxf5 16. Qxf5 Qd7 17. Qf3 Ne6 18. Rad1 Qe8 19. dxe5 dxe5 20. Qf5 Nd7 21. Bxe6 fxe6 22. Qxe6+ Kg7 23. Ne2 Qf7 24. Qg4 Nf6 25. Qf5 Qc4 26. Ng3 Qxc2 27. Rxd8 Rxd8 28. Qxe5 Kf7 29. Nf5 Bf8 30. Bd4 Rxd4 31. Nxd4 Qxb2 32. Qe6+ Kg6 33. Qf5+ Kf7 34. Ne6 Qb3 35. Nxf8 1-0

[Event "Puhajarve Rapid op 21st"]
[Site "Puhajarve"]
[Date "2021.11.27"]
[Round "22"]
[White "Blomqvist, Erik"]
[Black "Orgse, Karl Kristofer"]
[Result "1-0"]
[WhiteElo "2542"]
[BlackElo "1691"]
[PlyCount "71"]
[EventDate "2021.11.26"]
[EventType "tourn (rapid)"]
[EventRounds "37"]
[EventCountry "EST"]
[SourceTitle "CBM 205 Extra"]
[Source "ChessBase"]
[SourceDate "2022.01.31"]
[SourceVersion "1"]
[SourceVersionDate "2022.01.31"]
[SourceQuality "1"]

1. e4 c6 2. d4 d5 3. exd5 cxd5 4. Bd3 Nf6 5. c3 Nc6 6. Bf4 g6 7. h3 Bf5 8. Be2 Bg7 9. Nf3 0-0 10. 0-0 Ne4 11. Nbd2 Nd6 12. Re1 a6 13. Nb3 Ne4 14. Nfd2 b5 15. Nxe4 Bxe4 16. Nc5 Bf5 17. a4 Qb6 18. b4 Rfd8 19. Bf1 Bf6 20. Qe2 bxa4 21. Nxa6 a3 22. Bc7 Qb7 23. Bxd8 Nxd8 24. Rxa3 Ne6 25. g4 Be4 26. f3 Nf4 27. Qe3 Bh4 28. fxe4 Bxe1 29. Nc5 Qb8 30. Rxa8 Qxa8 31. Qxe1 Qa2 32. b5 dxe4 33. Qxe4 g5 34. Qxe7 h6 35. Qe3 Qb2 36. c4 1-0

[Event "Puhajarve Rapid op 21st"]
[Site "Puhajarve"]
[Date "2021.11.27"]
[Round "18"]
[White "Orgse, Karl Kristofer"]
[Black "Kulaots, Kaido"]
[Result "0-1"]
[WhiteElo "1691"]
[BlackElo "2518"]
[PlyCount "92"]
[EventDate "2021.11.26"]
[EventType "tourn (rapid)"]
[EventRounds "37"]
[EventCountry "EST"]
[SourceTitle "CBM 205 Extra"]
[Source "ChessBase"]
[SourceDate "2022.01.31"]
[SourceVersion "1"]
[SourceVersionDate "2022.01.31"]
[SourceQuality "1"]

1. d4 Nf6 2. c4 e6 3. Nc3 Bb4 4. f3 d5 5. e3 0-0 6. Bd3 c5 7. a3 Ba5 8. dxc5 Bxc3+ 9. bxc3 dxc4 10. Bxc4 Qa5 11. Ne2 Nc6 12. 0-0 Qxc5 13. Ba2 b6 14. Kh1 Ba6 15. e4 Rfd8 16. Qe1 Ne5 17. Bb1 Nd3 18. Bxd3 Bxd3 19. Rg1 Rac8 20. Nf4 Qxc3 21. Bd2 Qe5 22. Rc1 Ba6 23. Qe3 h6 24. Bb4 Nd5 25. Nxd5 exd5 26. Rxc8 Rxc8 27. Re1 d4 28. Qd2 d3 29. Rc1 Rc2 30. Rxc2 dxc2 31. Bc3 Qb5 32. Qc1 Qb1 33. Bb2 Bc4 34. Kg1 b5 35. Kf2 a5 36. Ke3 b4 37. Kd4 Bf1 38. g3 Bg2 39. f4 bxa3 40. Bxa3 Qb3 41. Qe3 Qa4+ 42. Kc5 Bxe4 43. Qc3 Qc6+ 44. Kd4 Qd5+ 45. Ke3 Bf5 46. Qd2 Qb3+ 0-1

[Event "Puhajarve Rapid op 21st"]
[Site "Puhajarve"]
[Date "2021.11.27"]
[Round "24"]
[White "Sirosh, Ilja"]
[Black "Orgse, Karl Kristofer"]
[Result "1-0"]
[WhiteElo "2402"]
[BlackElo "1691"]
[PlyCount "51"]
[EventDate "2021.11.26"]
[EventType "tourn (rapid)"]
[EventRounds "37"]
[EventCountry "EST"]
[SourceTitle "CBM 205 Extra"]
[Source "ChessBase"]
[SourceDate "2022.01.31"]
[SourceVersion "1"]
[SourceVersionDate "2022.01.31"]
[SourceQuality "1"]

1. e4 c6 2. d4 d5 3. e5 c5 4. Nf3 Nc6 5. dxc5 Bg4 6. c3 Nxe5 7. Nxe5 Bxd1 8. Bb5+ Qd7 9. Bxd7+ Kd8 10. Kxd1 f6 11. Nf7+ Kxd7 12. Nxh8 Ke8 13. Re1 g6 14. f4 Bg7 15. Nxg6 hxg6 16. Nd2 Kf7 17. Nf3 Nh6 18. Kc2 Nf5 19. Be3 Nxe3+ 20. Rxe3 Rc8 21. b4 b6 22. cxb6 axb6 23. a4 e5 24. fxe5 fxe5 25. Nxe5+ Ke6 26. Nf3+ 1-0

[Event "EU-ch Online U2300 Qual"]
[Site "Chess.com INT"]
[Date "2020.05.25"]
[Round "7"]
[White "Doric, Nenad"]
[Black "Orgse, Karl Kristofer"]
[Result "1-0"]
[WhiteElo "2249"]
[BlackElo "1724"]
[PlyCount "67"]
[EventDate "2020.05.25"]
[EventType "swiss"]
[EventRounds "8"]
[EventCountry "NET"]
[SourceTitle "EXT 2021"]
[Source "ChessBase"]
[SourceDate "2020.10.23"]
[SourceVersion "1"]
[SourceVersionDate "2020.10.23"]
[SourceQuality "1"]

1. e4 c6 2. d4 d6 3. c4 Nd7 4. Nc3 Qc7 5. Nf3 e5 6. Be2 Ngf6 7. 0-0 Be7 8. Be3 0-0 9. d5 Rd8 10. Nd2 a6 11. b4 c5 12. a3 Nf8 13. bxc5 dxc5 14. a4 b6 15. a5 bxa5 16. Qa4 Bd7 17. Qxa5 Qxa5 18. Rxa5 Rdc8 19. Rfa1 Bg4 20. f3 Bh5 21. Rxa6 Rxa6 22. Rxa6 N6d7 23. Nb5 f6 24. Nb3 Nb8 25. Ra8 Nfd7 26. d6 Bd8 27. Nxc5 Bb6 28. Nxd7 Bxe3+ 29. Kf1 Nxd7 30. Rxc8+ Kf7 31. Rd8 Nc5 32. Ra8 Ke6 33. Ra7 Bh6 34. Re7# 1-0

[Event "Wch U14"]
[Site "Montevideo"]
[Date "2017.09.26"]
[Round "11"]
[White "Orgse, Karl Kristofer"]
[Black "Grospietro, Patricio Alejandro"]
[Result "1-0"]
[WhiteElo "1647"]
[BlackElo "1608"]
[PlyCount "71"]
[EventDate "2017.09.17"]
[EventType "swiss"]
[EventRounds "11"]
[EventCountry "URU"]
[SourceTitle "EXT 2018"]
[Source "ChessBase"]
[SourceDate "2017.10.13"]
[SourceVersion "1"]
[SourceVersionDate "2017.10.13"]
[SourceQuality "1"]

1. e4 d6 2. d4 Nf6 3. Nc3 g6 4. f3 Bg7 5. Be3 0-0 6. Qd2 Nbd7 7. 0-0-0 c6 8. g4 b5 9. h4 h5 10. gxh5 Nxh5 11. Nge2 Qa5 12. a3 Nb6 13. Nf4 Nxf4 14. Bxf4 Na4 15. Nxa4 Qxa4 16. h5 a5 17. hxg6 fxg6 18. Bh6 b4 19. Bc4+ e6 20. Bb3 Qb5 21. a4 Qb6 22. Rdg1 Qxd4 23. Rxg6 Qxb2+ 24. Kd1 Qa1+ 25. Qc1 Qd4+ 26. Ke1 Qc3+ 27. Bd2 Qxf3 28. Rxg7+ Kxg7 29. Bh6+ Kf7 30. Rf1 Qxf1+ 31. Kxf1 Ba6+ 32. Ke1 Rg8 33. Qf4+ Ke7 34. Bg5+ Ke8 35. Qf6 Ra7 36. Bxe6 1-0

[Event "EST-ch U16"]
[Site "Tallinn"]
[Date "2016.05.21"]
[Round "5"]
[White "Orgse, Karl Kristofer"]
[Black "Andrijashkin, Deniss"]
[Result "1-0"]
[WhiteElo "1365"]
[BlackElo "1636"]
[PlyCount "77"]
[EventDate "2016.05.19"]
[EventType "swiss"]
[EventRounds "7"]
[EventCountry "EST"]
[SourceTitle "EXT 2018"]
[Source "ChessBase"]
[SourceDate "2017.10.13"]
[SourceVersion "1"]
[SourceVersionDate "2017.10.13"]
[SourceQuality "1"]

1. e4 e5 2. Nf3 Nc6 3. Nc3 Nf6 4. Bb5 Bb4 5. 0-0 0-0 6. d3 d6 7. Bxc6 bxc6 8. Ne2 Re8 9. Ng3 d5 10. Kh1 Bf8 11. h3 Ba6 12. Re1 Nd7 13. Nh2 f6 14. f4 Nc5 15. f5 g6 16. Qg4 g5 17. h4 h6 18. hxg5 hxg5 19. Qh5 Qe7 20. Ng4 Qg7 21. Qh3 Nd7 22. Nh5 Qh8 23. Nhxf6+ Nxf6 24. Qxh8+ Kxh8 25. Nxf6 Bh6 26. Nxe8 Rxe8 27. g4 Kg7 28. Kg2 Kf6 29. Rh1 Rh8 30. Bd2 Bg7 31. Rxh8 Bxh8 32. Ba5 c5 33. exd5 Bb7 34. c4 c6 35. d6 Bc8 36. Rh1 Bg7 37. Rh7 Bd7 38. Bd8+ Kf7 39. f6 1-0